|
|
|
|
| LEADER |
01061nam a2200301 a 4500 |
| 001 |
0017262 |
| 003 |
BD-DhAAL |
| 008 |
090706s1967 nyu 000 0 eng d |
| 010 |
|
|
|a 67022616
|
| 020 |
|
|
|a 9780330487108
|
| 020 |
|
|
|a 0330487108
|
| 040 |
|
|
|a DLC
|c DLC
|d DLC
|d BD-DhAAL
|
| 082 |
0 |
0 |
|a 823.914
|
| 100 |
1 |
|
|a Naipaul, V. S.
|q (Vidiadhar Surajprasad),
|d 1932-
|9 5736
|
| 245 |
1 |
4 |
|a The mimic men/
|c V. S. Naipaul.
|
| 260 |
|
|
|a New York;
|b Macmillan;
|b Picador,
|c 1967
|
| 300 |
|
|
|a 280 p.;
|c 21 cm
|
| 526 |
|
|
|a ENH
|
| 541 |
1 |
|
|e 00017262
|a Words N' Pages
|
| 650 |
|
0 |
|a Postcolonialism
|x Fiction.
|9 58370
|
| 650 |
|
0 |
|a Politicians
|x Fiction.
|9 58371
|
| 650 |
|
0 |
|a Exiles
|x Fiction.
|9 58372
|
| 651 |
|
0 |
|a Caribbean Area
|x Fiction.
|9 58373
|
| 651 |
|
0 |
|a London (England)
|x Fiction.
|
| 852 |
4 |
|
|a Ayesha Abed Library
|c General Stacks
|
| 942 |
|
|
|2 ddc
|c BK
|
| 999 |
|
|
|c 2143
|d 2143
|
| 952 |
|
|
|0 0
|1 0
|2 ddc
|4 0
|6 823_914000000000000_NAI_2002
|7 0
|9 1974
|a BRACUL
|b BRACUL
|c GEN
|d 2009-07-07
|e Words N' Pages
|g 465.00
|l 8
|m 21
|o 823.914 NAI
|p 3010017262
|r 2025-06-23
|s 2025-03-25
|t 1
|w 2009-07-07
|y BK
|